Statistics for Who Was Born In ------ Is Called

Click here to take the quiz!

General Stats

  • This quiz has been taken 37 times
    (13 since last reset)
  • The average score is 11 of 15

Answer Stats

HintAnswer% Correct
United StatesAmerican
91%
CanadaCanadian
91%
ItalyItalian
91%
AustraliaAustralian
82%
BrazilBrazilian
82%
DenmarkDane/Danish
82%
HawaiiHawaiian
82%
MoroccoMoroccan
82%
NigeriaNigerian
82%
PortugalPortuguese
82%
MicronesiaMicronesian
73%
CameroonCameroonian
64%
SenegalSenegalese
55%
Papua New GuineaPapuan
45%
LuxembourgLuxembourger
18%

Score Distribution

Percentile by Number Answered

Percent of People with Each Score

Your Score History

You have not taken this quiz since the last reset